Informa d'actualització i millora : Abril 2022 Abril 2022
Descripción Física:
11 pàgines ; 30 cm
Idioma:
Catalán
MARC
| LEADER | 00000nam a22000007a 4500 | ||
|---|---|---|---|
| 001 | 27628 | ||
| 003 | Arxiu | ||
| 005 | 20260324181158.0 | ||
| 008 | 230403b spa||||| |||| 00| 0 cat d | ||
| 017 | |a B 8975-2022 | ||
| 040 | |a agdb |b cat | ||
| 110 | 1 | |a Barcelona (Catalunya : Província). |b Diputació |9 52408 | |
| 245 | |a Informa d'actualització i millora : |b Abril 2022 | ||
| 246 | |a PAM | ||
| 260 | |a Barcelona : |b Diputació de Barcelona ; |c 2022 | ||
| 300 | |a 11 pàgines ; |c 30 cm | ||
| 610 | 1 | 0 | |9 52706 |a Barcelona (Catalunya : Província). |b Diputació |v Planificació |
| 710 | |a Barcelona (Catalunya : Província). |b Àrea de Presidència |9 52558 | ||
| 710 | 1 | |9 52746 |a Barcelona (Catalunya : Província). |b Diputació. |t Pla d'actuació de mandat 2020-2023 | |
| 942 | |2 udc |c ARXIU |n 1 | ||
| 952 | |0 0 |1 0 |2 udc |4 0 |6 FU7514 |7 1 |9 65916 |a Arxiu |b Arxiu |d 2023-04-03 |l 0 |o FU-75-14 |p 27628 |r 2023-04-03 00:00:00 |w 2023-04-03 |y ARXIU | ||
| 999 | |c 83293 |d 83293 | ||